Ivan Ouhel v soukromých sbírkách /

Hlavní autor: Ouhel, Ivan, 1945-2021
Korporativní autor: Galerie Vltavín (Praha, Česko)
Další autoři: Mach, Petr
Jazyk: Čeština
Vydáno: Praha : Galerie Vltavín, 2019
Témata:
Fyzický popis: 149 stran : barevné ilustrace ; 31 cm
Knihy
Uloženo v:
LEADER 02157nam a2200577 i 4500
001 nkc20193134069
003 CZ PrNK
005 20191007102630.0
007 ta
008 190920s2019 xr a e c 000 0dcze
020 |a 978-80-86587-66-0  |q (vázáno) 
040 |a OLA001  |b cze  |e rda 
043 |a e-xr--- 
045 |a x6y1 
072 7 |a 75  |x Malířství  |2 Konspekt  |9 21 
080 |a 75(437.3)  |2 MRF 
080 |a 75.036/.038  |2 MRF 
080 |a 72/76:069.5  |2 MRF 
080 |a 069.5-027.551  |2 MRF 
080 |a (437.3)  |2 MRF 
080 |a (083.824)  |2 MRF 
100 1 |a Ouhel, Ivan,  |d 1945-2021  |7 jn20000401917  |4 art 
245 1 0 |a Ivan Ouhel v soukromých sbírkách /  |c editor, autor textu, kurátor výstavy: Petr Mach 
264 1 |a Praha :  |b Galerie Vltavín,  |c 2019 
300 |a 149 stran :  |b barevné ilustrace ;  |c 31 cm 
336 |a text  |b txt  |2 rdacontent 
336 |a statický obraz  |b sti  |2 rdacontent 
337 |a bez média  |b n  |2 rdamedia 
338 |a svazek  |b nc  |2 rdacarrier 
500 |a Vydáno k stejnojmenné výstavě Galerie Vltavín, 18.9.-14.10.2019 
500 |a Životopisná data, přehled výstav 
600 1 7 |a Ouhel, Ivan,  |d 1945-2021  |7 jn20000401917  |2 czenas 
648 4 |a 1969-2016 
648 7 |a 20.-21. století  |7 ch462155  |2 czenas 
650 0 7 |a české malířství  |7 ph116864  |y 20.-21. století  |2 czenas 
650 0 7 |a moderní malířství  |7 ph122940  |z Česko  |2 czenas 
650 0 7 |a umělecké sbírky  |7 ph135222  |z Česko  |2 czenas 
650 0 7 |a soukromé sbírky  |7 ph135214  |z Česko  |2 czenas 
650 0 9 |a Czech painting  |y 20th-21st centuries  |2 eczenas 
650 0 9 |a modern painting  |z Czechia  |2 eczenas 
650 0 9 |a art collections  |z Czechia  |2 eczenas 
650 0 9 |a private collections  |z Czechia  |2 eczenas 
655 7 |a katalogy výstav  |7 fd132536  |2 czenas 
655 9 |a exhibition catalogs  |2 eczenas 
700 1 |a Mach, Petr  |7 jx20120112018  |4 aut  |4 edt 
710 2 |a Galerie Vltavín (Praha, Česko)  |7 ko2002107926  |4 orm  |4 isb 
910 2 |a BOA001  |b 4-1435.415 
990 |a BK 
995 |a 11 
991 |b 201910  |c NOV 
996 6 |b 2610795824  |c 4-1435.415  |l MZK  |r Sklad / do 1 hodiny  |n 0  |p p.v.  |w 001757076  |u 000010  |a 1  |e BOA001  |j MZK50  |s P